| 000 | 01106nam a2200229 i 4500 | ||
|---|---|---|---|
| 001 | 32160 | ||
| 003 | ES-MaACL | ||
| 005 | 20250630060936.0 | ||
| 007 | t| | ||
| 008 | 030227s1858 sp ||||1| spa d | ||
| 245 | 0 | 3 |
_aLa fiesta de la taquigrafía : _bdiscursos leídos en el acto solemne del examen público de los alumnos de esta Escuela Especial, el domingo 6 de junio de 1858. |
| 260 |
_aMadrid : _b[s.n.], _c1858 ( _fImp. de Luis García) |
||
| 300 |
_a29 p., [1] p. pleg. ; _c23 cm. |
||
| 505 | 8 | _aContiene: Discurso / del alumno Don Juan Romero y Vargas . La taquigrafía: ¿es verdad o es mentira? / diálogo taquigráfico por los señores Don Eduardo Bailés y Don Jacinto Castillo y Abascal . Discurso / del profesor D. Francisco de Paula Madrazo . La taquigrafía: soneto / Julio Nombela | |
| 700 | 1 |
_aRomero y Vargas, Juan. _999453 |
|
| 700 | 1 |
_aBailés, Eduardo. _924688 |
|
| 700 | 1 |
_aMadrazo, Francisco de Paula. _975338 |
|
| 700 | 1 |
_aNombela, Julio, _d1836-1919 _985930 |
|
| 710 | 2 |
_aEscuela Especial de Taquigrafía. _93569 |
|
| 852 | 4 |
_aES-MaACL _jT-10-F-12 |
|
| 999 |
_c32160 _d32160 |
||